Biblioteca

The sacred journey (Registro nro. 64842)

Detalles MARC
000 -LÍDER
Campo fijo de descripción fija 01243nam a22003614i 4500
001 - NÚMERO DE CONTROL
Campo de control 23254921
003 - IDENTIFICADOR DEL NÚMERO DE CONTROL
Campo de control OCoLC
005 - FECHA Y HORA DE LA ULTIMA TRANSACCIÓN
control field 20190815063837.0
008 - ELEMENTOS DE LONGITUD FIJA -- INFORMACIÓN GENERAL
Campo fijo de descripción fija -- Información general 910206r19911982cau 000 0aeng
010 ## - NÚMERO DE CONTROL DE LA BIBLIOTECA DEL CONGRESO
Número de control LC 91055089
020 ## - NÚMERO INTERNACIONAL NORMALIZADO PARA LIBROS
Número Internacional Normalizado del libro 9780060611835 (pbk. : alk. paper) :
Términos de disponibilidad $9.95
040 ## - FUENTE DE CATALOGACIÓN
Agencia de catalogación original DLC
Agencia que realiza la modificación DLC
-- OCoLC
-- UtOrBLW
Idioma de catalogación spa
Agencia que realiza la transcripción CO-MdFUSB
Convenciones de la descripción rda
041 ## - CÓDIGO DE IDIOMA
Código de idioma para texto/pista de sonido o título separado eng
043 ## - GEOGRAPHIC AREA CODE
Geographic area code n-us---
082 ## - NÚMERO DE CLASIFICACIÓN DECIMAL DEWEY
Número de la edición del Dewey 23
Número de clasificación G 285.092
Clave de autor-Numero de item B928
092 ## - LOCALLY ASSIGNED DEWEY CALL NUMBER (OCLC)
Classification number B
Item number B86a 1991
100 1# - ASIENTO PRINCIPAL--NOMBRE PERSONAL
Nombre personal Buechner, Frederick,
Fechas asociadas con el nombre 1926-
Término relacionador autor
242 13 - TRADUCCIÓN DEL TÍTULO POR AGENCIA CATALOGADORA
Título El viaje sagrado
Parte restante del título - Subtítulo : una memoria de los primeros días
Idioma del título original Inglés
245 14 - TÍTULO
Título del Material The sacred journey
Parte restante del título - Subtitulo : a memoir of early days
Mención de responsabilidad, etc. Frederick Buechner.
264 #1 - PRODUCCIÓN, PUBLICACIÓN, DISTRIBUCIÓN, MANUFACTURA, Y COPYRIGHT
Lugar de producción, publicación, distribución, manufactura [San Francisco, Calif.] :
Nombre del productor, publicador, distribuidor HarperCollins Publishers,
Fecha de producción, publicación, distribución, manufactura, o copyright ©1991
264 #4 - PRODUCCIÓN, PUBLICACIÓN, DISTRIBUCIÓN, MANUFACTURA, Y COPYRIGHT
Fecha de producción, publicación, distribución, manufactura, o copyright ©1982.
300 ## - DESCRIPCIÓN FÍSICA
Extensión 112 páginas :
Dimensiones 21 cm.
336 ## - TIPO DE CONTENIDO
Término de tipo de contenido texto
Código de tipo de contenido txt
Fuente rdacontent.
337 ## - TIPO DE MEDIO
Nombre del tipo de medio sin mediación
Código del tipo de medio n
Fuente rdamedia.
338 ## - TIPO DE SOPORTE
Nombre del tipo de soporte volumen
Código Tipo de soporte nc
Fuente rdacarrier.
500 ## - NOTA GENERAL
Nota General Publicado originalmente: Nueva York: Harper & Row, c1982.
505 ## - NOTA DE CONTENIDO
Nota de contenido con formato preestablecido Una vez bajo del tiempo -- Una vez arriba del tiempo -- Más allá del tiempo
563 ## - NOTA DE ENCUADERNACIÓN
Nota de encuadernación Tapa rústica
650 #0 - ASIENTO SECUNDARIO DE MATERIA - TERMINO TEMÁTICO
Término temático o nombre geográfico como elemento de entrada Biografías cristianas
9 (RLIN) 1238
942 ## - TIPO DE MATERIAL (KOHA)
Tipo de Item KOHA Libros General
Existencias
Estado de Material Estado de Perdido Forma de Clasificación Estado de Dañado No para Préstamo Colección Biblioteca de Origen Biblioteca Permanente Fecha de Adquisición Total de Préstamos Signatura Topográfica Código de Barras Última vez visto Ejemplar/Existencia Fecha de Remplazo Tipo de Material
    Dewey Decimal Classification     Colección General Biblioteca FUSBC Biblioteca FUSBC 25/02/2019   G 285.092 B928s 12979 12/12/2019 Ej. 1 25/02/2019 Libros General

Biblioteca FUSBC | Teléfono: (57+4) 349 88 10 Ext. 141| WhatsApp (+57) 3005338115 
E-mail: biblioteca@unisbc.edu.co | Calle 76 87-14 Robledo Palenque, Medellín, Colombia

Con tecnología Koha